<?xml version="1.0" encoding="UTF-8"?>
<collection xmlns="http://www.loc.gov/MARC21/slim">
 <record>
  <leader>00454nab a2200145 i 4500</leader>
  <controlfield tag="001">delm122678</controlfield>
  <controlfield tag="005">20190918133019.0</controlfield>
  <controlfield tag="008">190918s1987    hu      o     0||   hun d</controlfield>
  <datafield tag="040" ind1=" " ind2=" ">
   <subfield code="a">SZTE Délmagyarország Archívum</subfield>
   <subfield code="b">hun</subfield>
  </datafield>
  <datafield tag="041" ind1=" " ind2=" ">
   <subfield code="a">hun</subfield>
  </datafield>
  <datafield tag="245" ind1="0" ind2="0">
   <subfield code="a">Megnyílt a táblakép-festészeti biennálé </subfield>
   <subfield code="h">[elektronikus dokumentum] :</subfield>
   <subfield code="b">Szegedi Ünnepi Hetek '87.</subfield>
  </datafield>
  <datafield tag="260" ind1=" " ind2=" ">
   <subfield code="c">1987-07-20</subfield>
  </datafield>
  <datafield tag="300" ind1=" " ind2=" ">
   <subfield code="a">5</subfield>
  </datafield>
  <datafield tag="490" ind1="0" ind2=" ">
   <subfield code="a">Délmagyarország</subfield>
   <subfield code="v">77 No. 169</subfield>
  </datafield>
  <datafield tag="695" ind1=" " ind2=" ">
   <subfield code="a">Szegedi Ünnepi Hetek</subfield>
  </datafield>
 </record>
</collection>
